000 00662nas a2200229 4500
001 BR7804125
003 BR-BrBNA
005 20231205083504.0
007 ta
008 230509b bl.|||p| |||| 00| 00por d
040 _aBR-BrBNA
_bpor
_cBiblioteca Nacional de Agricultura
041 _a(Pt)
072 _aL00
100 1 _aMendes, A.C.
245 1 _aCaes pastores e as drogas [Canis familiaris]
650 _aProducao animal
650 _aPastor alemao
650 _aTreinamento
773 0 _tRevista dos Criadores (Brazil)
_xISSN 0034-9259
_g(Sep 1978), v. 48(584) p. 65-66
_wBR7804125
909 _a202311
_bLúcia
_c55
_dLúcia Elande
942 _2AGRIS
_n0
_cANA
999 _c99146
_d99146